ASOIAF - Crownland House Sigils - Statistics

General Stats
  • This quiz has been taken 330 times
  • The average score is 16 of 36
Answer Stats
Hint Answer % Correct
Three-headed dragon Targaryen
99%
Seahorse Velaryon
89%
Crabs Celtigar
84%
Lamb and chalice Stokeworth
76%
Swordfish Bar Emmon
74%
Red chevrons Rosby
72%
Black kettle Kettleblack
69%
Three swirls Massey
69%
Red shields on white, black and gold diamonds Darklyn
62%
Crossed warhammers Rykker
60%
Seven stars Sunglass
60%
Three crowns Hollard
58%
Bear's paw Brune
54%
Two porcupines Blount
52%
Two knights Farring
46%
Flail Thorne
45%
Antlers Buckwell
38%
Goose Cargyll
37%
Three fish Bywater
35%
Green stripe on yellow Hayford
33%
Sword and mace Chelsted
32%
White with three gold stripes Chyttering
30%
Black wings Staunton
30%
Three trees in each season Wendwater
29%
Fool's hat Follard
28%
Three lances Gaunt
28%
Three sets of antlers Harte
27%
Sea lion Manning
27%
Two full helms Cressey
26%
Ram's head Rambton
25%
Full helm Pyle
24%
Two axes Birch
19%
Flaming wheel Edgerton
18%
Crown of stars Langward
15%
Six blue and white circles Rollingford
15%
Six stars Mallary
13%
No matching quizzes found
Score Distribution
Percent of People with Each Score
Percentile by Number Answered
Your Score History
You have not taken this quiz